01231nam a22003134a 4500001001200000003000800012006001900020007001500039008004100054020002000095020002000115040002100135035002100156050002200177082001400199245014300213260005800356300002700414504005100441533015200492650002100644655002900665700001900694700002500713700001900738710001700757856012600774999001700900ebr10151212CaPaEBRm u cr cn|||||||||000614s2001 mnua sb s001 0 eng  z0816637563 (HC) z0816637571 (PB) aCaPaEBRcCaPaEBR a(OCoLC)56018598814aGF41b.T48 2001eb04a304.222100aTextures of placeh[electronic resource] :bexploring humanist geographies /cPaul C. Adams, Steven Hoelscher, and Karen E. Till, editors. aMinneapolis :bUniversity of Minnesota Press,cc2001. axxxiii, 461 p. :bill. aIncludes bibliographical references and index. aElectronic reproduction.bPalo Alto, Calif. :cebrary,d2013.nAvailable via World Wide Web.nAccess may be limited to ebrary affiliated libraries. 0aHuman geography. 7aElectronic books.2local1 aAdams, Paul C.1 aHoelscher, Steven D.1 aTill, Karen E.2 aebrary, Inc.40uhttp://site.ebrary.com/lib/rucke/Doc?id=10151212zAn electronic book accessible through the World Wide Web; click to view c95134d95134